MARC

LEADER 00000nam0a2200000 4500
001 341216
005 20231102005324.0
035 |a (RuTPU)RU\TPU\book\368716 
090 |a 341216 
100 |a 20180705d1994 km y0rusy50 ca 
101 1 |a rus  |c eng 
102 |a RU 
105 |a a z 000zy 
200 1 |a Секреты о мужчинах, которые должна знать каждая женщина  |e пер. с англ.  |f Б. Де Анджелис 
210 |a Москва  |c Центр общечеловеческих ценностей  |d 1994 
215 |a 304 с.  |c ил. 
606 1 |a Мужчины  |x Психология  |2 stltpush  |3 (RuTPU)RU\TPU\subj\44557  |9 63870 
610 1 |a психология 
610 1 |a психология личности 
610 1 |a психология пола 
610 1 |a женщины 
610 1 |a взаимоотношения 
610 1 |a советы 
610 1 |a ситуации 
686 |a Ю937.3  |v LBC/SL-A  |2 rubbk 
700 1 |a Анджелис  |b Б. Де  |g Барбара Де 
801 1 |a RU  |b 63413507  |c 20180705 
801 2 |a RU  |b 63413507  |c 20180824  |g RCR 
942 |c BK